000
00270nam a2200097Ia 4500
008
191206s9999 xx 000 0 und d
090
_a
RZA5669
245
0
_a
inferno of Dante: [a new verse translation]
300
_a
4 sound cassettes : analog.
999
_c
16226
_d
16226